000 00760nmc a2200277 a 4500
003 AR-BaBNM
005 20251128211429.0
008 144020s1997 ||||||||||||||000 | spa||
020 _a0-582-27399-4
040 _cAR-BaBNM
100 1 _aRabley, Stephen
245 1 0 _aPhoto of the tall man
260 _aEssex
_bAddison Wesley Longman Limited
_c1997
300 _a48 p.
_bil.
490 0 _aLongman originals
_v3
500 _aFalta el casete que acompaña la presente edición
650 4 _aLITERATURA INGLESA
650 4 _aINGLES
650 4 _aCUENTOS DE AVENTURAS
650 4 _aACTIVIDADES DE APRENDIZAJE
653 _aLITERATURA JUVENIL
655 _aLITERATURA
700 1 _aDubicki, Darren
_eilustrador
942 _cBK
998 _cmartin
999 _c19661
_d19661